Statistics for Država koje počinju slovom E

Click here to take the quiz!

General Stats

  • This quiz has been taken 638 times
    (552 since last reset)
  • The average score is 4 of 7

Answer Stats

Zemlje% Correct
Estonija
88%
Etiopija
69%
Ekvador
67%
Egipat
63%
Eritreja
49%
El Salvador
31%
Ekvatorska <br />Gvineja
21%

Score Distribution

Percentile by Number Answered

Percent of People with Each Score

Your Score History

You have not taken this quiz since the last reset